000 00216nam a22000977a 4500
999 _c16179
_d16179
003 OSt
008 200616b ||||| |||| 00| 0 eng d
100 _a Bertrand Russell
_94598
245 _aSceptical Essays
942 _cBK